Mots de la langue française terminés par "are" - Statistiques

Statistiques générales
  • Ce quiz a été pris 235 fois
  • Le résultat moyen est 15 sur 29
Statistiques - réponses
Indice Mot % Correct
10 000 m2 hectare
88%
100 m2 are
85%
plan d'eau mare
84%
pingre avare
82%
steak cru tartare
79%
instrument de musique à cordes commençant par "g" guitare
78%
de Sofia bulgare
74%
ignorant ignare
72%
défaut tare
72%
dont l'embryon se développe dans un oeuf ovipare
68%
inhabituel rare
66%
système de signalisation maritime phare
57%
poète anglais prénommé William Shakespeare
57%
jardin public square
56%
couronne tiare
56%
très gai hilare
53%
poison curare
50%
instrument de musique à cordes commençant par "c" cithare
47%
arrêt gare
47%
terme touristique utilisé par le département de l'Aude," pays ... cathare
45%
dont l'embryon se développe dans le corps de la femelle vivipare
44%
cruel barbare
40%
ensemble musical fanfare
19%
logiciel software
16%
embarcation à voile et à rames gabare
15%
feu d'avertissement gyrophare
14%
vanneuse ou commune du Rhône tarare
12%
cylindre cigare
7%
poisson-perroquet scare
3%
Aucun quiz correspondant
Distribution des résultats
% des personnes avec chaque résultat
Percentile par nombre de réponses
Votre historique - résultats
Vous n’avez pas pris ce quiz